Effects of the troposphere on radio communication / (Record no. 183233)

000 -LEADER
fixed length control field 00981 a2200205 4500
003 - CONTROL NUMBER IDENTIFIER
control field Nust
005 - DATE AND TIME OF LATEST TRANSACTION
control field 20221220132322.0
010 ## - LIBRARY OF CONGRESS CONTROL NUMBER
LC control number 79042811
020 ## - INTERNATIONAL STANDARD BOOK NUMBER
International Standard Book Number 0906048257 :
040 ## - CATALOGING SOURCE
Transcribing agency Nust
082 00 - DEWEY DECIMAL CLASSIFICATION NUMBER
Classification number 621.38411,HAL
100 1# - MAIN ENTRY--PERSONAL NAME
Personal name Hall, M. P. M.
9 (RLIN) 105371
245 10 - TITLE STATEMENT
Title Effects of the troposphere on radio communication /
Statement of responsibility, etc. M. P. M. Hall.
260 ## - PUBLICATION, DISTRIBUTION, ETC.
Place of publication, distribution, etc. Stevenage [Eng.] ;
-- New York :
Name of publisher, distributor, etc. P. Peregrinus on behalf of the Institution of Electrical Engineers,
Date of publication, distribution, etc. c1979.
300 ## - PHYSICAL DESCRIPTION
Extent xvi, 206 p., [2] leaves of plates :
Other physical details ill. (some col.) ;
Dimensions 23 cm.
440 #0 - SERIES STATEMENT/ADDED ENTRY--TITLE
Title IEE electromagnetic waves series ;
Volume/sequential designation 8
9 (RLIN) 56000
505 ## - FORMATTED CONTENTS NOTE
Formatted contents note Introduction (Page-1), Atmospheric Refractive Index (Page-14), Precipitation, Cloud and Atmospheric Gases (Page-47), Terrestrial Line of Sight Paths (Page-78), Earth to Space Paths (Page-114), Transhorizon Paths (Page-134), Area Coverage (Page-148), Radio Interference (Page-173).
650 #0 - SUBJECT ADDED ENTRY--TOPICAL TERM
Topical term or geographic name entry element Tropospheric radio wave propagation.
9 (RLIN) 105372
942 ## - ADDED ENTRY ELEMENTS (KOHA)
Source of classification or shelving scheme
Koha item type Book
Holdings
Withdrawn status Lost status Source of classification or shelving scheme Damaged status Not for loan Permanent Location Current Location Shelving location Date acquired Full call number Barcode Date last seen Price effective from Koha item type Public note
          Military College of Signals (MCS) Military College of Signals (MCS) General Stacks 12/12/2016 621.38411,HAL MCS5158 12/08/2016 12/12/2016 Book Almirah No.38, Shelf No.4
© 2023 Central Library, National University of Sciences and Technology. All Rights Reserved.